Tìm hiểu địa lý kinh tế Việt Nam Để giảng dạy trong nhà trường
Enregistré dans:
| Auteur principal: | |
|---|---|
| Format: | Livre |
| Langue: | Vietnamese |
| Publié: |
H.
Giáo dục
2000
|
| Édition: | Tái bản lần thứ nhất |
| Tags: |
Ajouter un tag
Pas de tags, Soyez le premier à ajouter un tag!
|
| Thư viện lưu trữ: | Mạng thư viện Đại học Đà Nẵng |
|---|
| LEADER | 00981nam a2200289 4500 | ||
|---|---|---|---|
| 001 | 000015486 | ||
| 003 | 11867 | ||
| 005 | 20120529100524.0 | ||
| 008 | 120529s2000 viesd | ||
| 020 | |c 15500 | ||
| 041 | 0 | |a vie | |
| 082 | |a 330.91597 |b PH-X | ||
| 100 | 0 | |a Phan Huy Xu | |
| 245 | 0 | |a Tìm hiểu địa lý kinh tế Việt Nam |b Để giảng dạy trong nhà trường |c Phan Huy Xu; Mai Phú Thanh | |
| 250 | |a Tái bản lần thứ nhất | ||
| 260 | |a H. |b Giáo dục |c 2000 | ||
| 300 | |a 247tr. |c 21 cm | ||
| OWN | |a LSP | ||
| AVA | |a UDN50 |b LSP |d 330.91597 PH-X |e available |t Error 5001 Not defined in file expand_doc_bib_avail. |f 3 |g 0 |h N |i 0 |k 1 | ||
| 999 | |a From the UDN01 | ||
| AVA | |a UDN50 |b LSP |d 330.91597 PH-X |e available |t Error 5001 Not defined in file expand_doc_bib_avail. |f 3 |g 0 |h N |i 0 |k 1 | ||
| TYP | |a Monograph | ||
| TYP | |a Printed language | ||
| 980 | |a Mạng thư viện Đại học Đà Nẵng | ||